| 000 | 00922nam a2200229Ia 4500 | ||
|---|---|---|---|
| 999 |
_c40582 _d40582 |
||
| 001 | 7207 | ||
| 003 | GE_BSU | ||
| 005 | 20211119124040.0 | ||
| 008 | 181216s2008||||ge |||||||||||||| ||geo|| | ||
| 020 | _a9789941110160 | ||
| 040 | _cGE_BSU | ||
| 041 | _ageo | ||
| 080 | _a330.1(075.8) მ-56 | ||
| 100 |
_aმენქიუ, გრეგორი _9392 |
||
| 245 |
_aეკონომიკის პრინციპები / _cგრეგორი მენქიუ ; [ქართ. გამოცემაზე მუშაობდნენ: ანა ახვლედიანი და სხვ. ; ილ. უილიამ ლოუ]. |
||
| 250 | _aმე-2 ქართული გამოცემა | ||
| 264 |
_aთბილისი: _bდიოგენე, _c2008. |
||
| 300 |
_a835 გვ.; _b26 სმ. |
||
| 541 | _h45ლ. | ||
| 653 | _a ეკონომიკა | ||
| 942 |
_cBK _2udc |
||